| 000 | 00455nam a2200169Ia 4500 | ||
|---|---|---|---|
| 003 | LK-CoDNM | ||
| 008 | 010623t2005 xxu||||| |||| 00| 1 sin d | ||
| 040 |
_aLK-CoDNM _dLK-CoDNM _eLK-CoDNM |
||
| 041 | _asin | ||
| 080 | _a902 DIW | ||
| 100 | _aDiwakara,Anurin Indika | ||
| 245 | _aබෙල් දුටු හතර කෝරලය | ||
| 246 | _aBel Dutu Hatara Koralaya | ||
| 260 |
_bSamathi _aJa - Ela _c2005 |
||
| 300 | _b169p, 21 cm | ||
| 942 | _cBK | ||
| 999 |
_c124919 _d124919 |
||